Normal view MARC view
  • Shamsi N K

Entry Personal Name

Number of records used in: 4

001 - CONTROL NUMBER

  • control field: 5387

003 - CONTROL NUMBER IDENTIFIER

  • control field: OSt

005 - DATE AND TIME OF LATEST TRANSACTION

  • control field: 20180123105544.0

008 - FIXED-LENGTH DATA ELEMENTS

  • fixed length control field: 180123|| aca||aabn | a|a d

040 ## - CATALOGING SOURCE

  • Original cataloging agency: OSt
  • Transcribing agency: OSt

100 ## - HEADING--PERSONAL NAME

  • Personal name: Shamsi N K

670 ## - SOURCE DATA FOUND

  • Source citation: Work cat.: (OSt): Shamsi N K, Computers Ubdate IV, 2009

Powered by Koha